|
|
|
|
| LEADER |
01075nam a2200277 a 4500 |
| 001 |
2013816 |
| 008 |
091027r19931991txua b 001 0 eng d |
| 010 |
|
|
|a 91012239
|
| 020 |
|
|
|a 0749405481
|
| 020 |
|
|
|a 0872011747
|
| 040 |
|
|
|a DLC
|c DLC
|d DLC
|
| 082 |
0 |
0 |
|a 658.3/12404
|2 20
|
| 100 |
1 |
|
|a Phillips, Jack J.,
|d 1945-
|
| 245 |
1 |
0 |
|a Handbook of training evaluation and measurement methods /
|c Jack J. Phillips.
|
| 250 |
|
|
|a 2nd ed.
|
| 260 |
|
|
|a Houston :
|b Gulf Pub. Co.
|c c1991.[reprint 1993]
|
| 300 |
|
|
|a xiv, 415 p. :
|b ill. ;
|c 24 cm.
|
| 490 |
1 |
|
|a Building blocks of human potential
|
| 504 |
|
|
|a Includes bibliographical references and index.
|
| 541 |
1 |
|
|e 00005792
|
| 650 |
|
0 |
|a Employees
|x Training of
|x Evaluation.
|
| 740 |
0 |
|
|a Training evaluation and measurement methods.
|
| 830 |
|
0 |
|a Building blocks of human potential series.
|
| 852 |
4 |
|
|a Ayesha Abed Library
|j General Shelf.
|
| 999 |
|
|
|c 4889
|d 4889
|
| 952 |
|
|
|0 0
|1 0
|2 ddc
|4 0
|6 658_312404000000000_PHI_1993
|7 0
|9 4711
|a BRACUL
|b BRACUL
|c GEN
|d 2009-10-28
|g 5040.00
|l 0
|o 658.312404 PHI
|p 3010005792
|r 2009-10-28
|t 1
|w 2009-10-28
|y BK
|